Historia de la guerra de américa entre Chile, Perú y Bolivia / (Record no. 13260)

000 -CABECERA
fixed length control field 00853nam a22002177a 4500
003 - IDENTIFICADOR DEL NÚMERO DE CONTROL
control field AR-CdUCM
008 - DATOS DE LONGITUD FIJA--INFORMACIÓN GENERAL
fixed length control field 190411b ||||| |||| 00| 0 spa d
040 ## - FUENTE DE LA CATALOGACIÓN
Agencia/entidad que catalogó originalmente la obra MUNICIPALIDAD PROVINCIAL DEL CUSCO
Entidad que transcribió la catalogación BIBLIOTECA MUNICIPAL DEL CUSCO
082 ## - NÚMERO DE LA CLASIFICACIÓN DECIMAL DEWEY
No. de la edición 5 ed.
No. de Clasificación 985.061 /
Notacion interna C16
100 ## - ENTRADA PRINCIPAL--NOMBRE DE PERSONA
Nombre Personal Caivano, Tomas
245 ## - MENCIÓN DE TÍTULO
Título Historia de la guerra de américa entre Chile, Perú y Bolivia /
260 ## - PUBLICACIÓN, DISTRIBUCIÓN, ETC.
Lugar de publicación, distribución, etc. Callao :
Nombre de la editorial, distribuidor, etc. Museo naval.
Fecha de publicación, distribución, etc. 1978
300 ## - DESCRIPCIÓN FÍSICA
Nº de Páginas Extensión 365 páginas ;
Dimensiones 20 cm.
440 ## - MENCIÓN DE SERIE/PUNTO DE ACCESO ADICIONAL--TÍTULO
Título Biblioteca del oficial
Número de la parte/sección de una obra 3
9 (RLIN) 31578
505 ## - NOTA DE CONTENIDO CON FORMATO
Nota de contenido formateada Contenido : Prefacio -- Sumario -- La cordillera de los andes -- Población de Bolivia -- El general Sucre da el ultimo golpe a la dominación española en el Perú ...
650 ## - PUNTO DE ACCESO ADICIONAL DE MATERIA--TÉRMINO DE MATERIA
Descriptor Historia
9 (RLIN) 136
650 ## - PUNTO DE ACCESO ADICIONAL DE MATERIA--TÉRMINO DE MATERIA
Descriptor Guerra
9 (RLIN) 1007
650 ## - PUNTO DE ACCESO ADICIONAL DE MATERIA--TÉRMINO DE MATERIA
Descriptor Chile, Perú y Bolivia
9 (RLIN) 31579
942 ## - ELEMENTOS DE PUNTO DE ACCESO ADICIONAL (KOHA)
Fuente de clasificación
Tipo de item Libros-BMC
945 ## - PROCESAMIENTO DE INFORMACIÓN LOCAL (OCLC)
Catalogador rah
AAAA-MM-DD - Fecha de ingreso o modificacion 11/04/2019
Holdings
Estado de retiro (separado) Fuente de clasificación o esquema de estanterías Estado dañado Ubicación Sala donde se ubica Nombre de la colección Fecha de adquisición o compra Costo, precio normal en soles Signatura topográfica Código de Barras Última vez visto (Koha) Tipo de ítem (Koha)
No     Sala Humanidades Sala Humanidades Book Cart 2019-04-11 30.00 985.061 / C16 / t.2 SH0000010650 2019-04-11 Libros-BMC

Powered by Koha